Statistics for Keywords in JavaScript

Click here to take the quiz!

General Stats

  • This quiz has been taken 790 times
  • The average score is 11 of 26

Answer Stats

Answer% Correct
if
84%
for
83%
while
80%
var
78%
else
77%
function
73%
in
68%
do
63%
return
53%
break
52%
switch
52%
case
45%
catch
39%
try
39%
continue
34%
new
34%
default
27%
this
26%
throw
26%
finally
25%
typeof
21%
void
16%
instanceof
15%
with
14%
delete
13%
debugger
10%

Score Distribution

Percentile by Number Answered

Percent of People with Each Score

Your Score History

You have not taken this quiz